[Event "DVM U16 2023"]
[Site "Magdeburg GER"]
[Date "2023.12.28"]
[Round "4"]
[White "Beyer, Lorenz"]
[Black "Korchynskyi, Mykola"]
[Result "0-1"]
[Termination "normal"]
[Board "5.1"]
[WhiteElo "2109"]
[BlackElo "2196"]
[WhiteClock "01:11:16"]
[BlackClock "01:10:18"]
[WhiteTeam "Barnimer SF im SV Stahl Finow"]
[BlackTeam "SF Essen-Katernberg 04/32"]
[PlyCount "68"]
[WhiteFideId "16245393"]
[BlackFideId "34138005"]
[EventCountry "GER"]
[EventRounds "7"]
[EventType "team-swiss"]
[EventDate "2023.12.26"]

1. d4 {[%clk 01:30:57]} {[%emt 00:00:02]} Nf6 {[%clk 01:30:51]} {[%emt
00:00:10]} 2. Bf4 {[%clk 01:31:22]} {[%emt 00:00:05]} d5 {[%clk 01:31:16]}
{[%emt 00:00:05]} 3. e3 {[%clk 01:31:49]} {[%emt 00:00:04]} c5 {[%clk
01:31:42]} {[%emt 00:00:04]} 4. c3 {[%clk 01:32:16]} {[%emt 00:00:03]} Nc6
{[%clk 01:32:05]} {[%emt 00:00:06]} 5. Nf3 {[%clk 01:32:44]} {[%emt 00:00:03]}
Qb6 {[%clk 01:32:28]} {[%emt 00:00:07]} 6. Qc2 {[%clk 01:33:11]} {[%emt
00:00:03]} g6 {[%clk 01:32:48]} {[%emt 00:00:10]} 7. Nbd2 {[%clk 01:33:37]}
{[%emt 00:00:04]} Bg7 {[%clk 01:33:07]} {[%emt 00:00:10]} 8. h3 {[%clk
01:33:41]} {[%emt 00:00:26]} O-O {[%clk 01:33:32]} {[%emt 00:00:05]} 9. Be2
{[%clk 01:34:09]} {[%emt 00:00:03]} Bf5 {[%clk 01:33:54]} {[%emt 00:00:08]} 10.
Qb3 {[%clk 01:34:33]} {[%emt 00:00:05]} c4 {[%clk 01:34:20]} {[%emt 00:00:05]}
11. Qa3 {[%clk 01:34:59]} {[%emt 00:00:03]} Rfc8 {[%clk 01:34:46]} {[%emt
00:00:04]} 12. b3 {[%clk 01:27:37]} {[%emt 00:07:53]} Bf8 {[%clk 01:28:45]}
{[%emt 00:06:31]} 13. Qb2 {[%clk 01:25:54]} {[%emt 00:02:12]} Nb4 {[%clk
01:22:01]} {[%emt 00:07:15]} 14. O-O {[%clk 01:18:36]} {[%emt 00:07:47]} Nc2
{[%clk 01:15:15]} {[%emt 00:07:17]} 15. Rac1 {[%clk 01:16:45]} {[%emt
00:02:20]} e5 {[%clk 01:14:16]} {[%emt 00:01:30]} 16. Rxc2 {[%clk 01:16:58]}
{[%emt 00:00:17]} exf4 {[%clk 01:14:12]} {[%emt 00:00:34]} 17. Rcc1 {[%clk
01:16:22]} {[%emt 00:01:05]} fxe3 {[%clk 01:13:09]} {[%emt 00:01:33]} 18. fxe3
{[%clk 01:16:44]} {[%emt 00:00:09]} Bh6 {[%clk 01:13:36]} {[%emt 00:00:03]} 19.
g4 {[%clk 01:15:00]} {[%emt 00:02:14]} Bxe3+ {[%clk 01:13:45]} {[%emt
00:00:20]} 20. Kg2 {[%clk 01:15:18]} {[%emt 00:00:12]} Be4 {[%clk 01:13:25]}
{[%emt 00:00:50]} 21. Nxe4 {[%clk 01:12:19]} {[%emt 00:03:30]} Nxe4 {[%clk
01:12:04]} {[%emt 00:01:51]} 22. Rc2 {[%clk 01:11:18]} {[%emt 00:01:31]} Qd6
{[%clk 01:11:28]} {[%emt 00:01:05]} 23. Ne5 {[%clk 01:10:05]} {[%emt 00:01:44]}
f6 {[%clk 01:11:33]} {[%emt 00:00:26]} 24. Rf3 {[%clk 01:09:57]} {[%emt
00:00:38]} Bg5 {[%clk 01:08:47]} {[%emt 00:03:16]} 25. Nxc4 {[%clk 01:08:24]}
{[%emt 00:02:03]} dxc4 {[%clk 01:09:10]} {[%emt 00:00:06]} 26. Bxc4+ {[%clk
01:08:52]} {[%emt 00:00:02]} Kh8 {[%clk 01:08:00]} {[%emt 00:01:41]} 27. Re2
{[%clk 01:09:17]} {[%emt 00:00:04]} Re8 {[%clk 01:08:05]} {[%emt 00:00:24]} 28.
Qc2 {[%clk 01:09:23]} {[%emt 00:00:26]} f5 {[%clk 01:08:30]} {[%emt 00:00:05]}
29. Bd3 {[%clk 01:09:32]} {[%emt 00:00:20]} fxg4 {[%clk 01:08:06]} {[%emt
00:00:54]} 30. hxg4 {[%clk 01:09:57]} {[%emt 00:00:05]} Nf6 {[%clk 01:08:33]}
{[%emt 00:00:03]} 31. Rxe8+ {[%clk 01:10:09]} {[%emt 00:00:19]} Rxe8 {[%clk
01:08:59]} {[%emt 00:00:04]} 32. Bxg6 {[%clk 01:10:29]} {[%emt 00:00:10]} hxg6
{[%clk 01:09:24]} {[%emt 00:00:05]} 33. Qxg6 {[%clk 01:10:52]} {[%emt
00:00:08]} Re2+ {[%clk 01:09:52]} {[%emt 00:00:02]} 34. Kf1 {[%clk 01:11:16]}
{[%emt 00:00:05]} Qh2 {[%clk 01:10:18]} {[%emt 00:00:04]} 0-1

[Event "DVM U16 2023"]
[Site "Magdeburg GER"]
[Date "2023.12.28"]
[Round "4"]
[White "Goldkuhle, Collin"]
[Black "Hoffmann, Kay"]
[Result "0-1"]
[Termination "normal"]
[Board "5.2"]
[WhiteElo "1715"]
[BlackElo "2088"]
[WhiteClock "00:22:44"]
[BlackClock "01:17:06"]
[WhiteTeam "SF Essen-Katernberg 04/32"]
[BlackTeam "Barnimer SF im SV Stahl Finow"]
[PlyCount "52"]
[WhiteFideId "16271106"]
[BlackFideId "16227000"]
[EventCountry "GER"]
[EventRounds "7"]
[EventType "team-swiss"]
[EventDate "2023.12.26"]

1. e4 {[%clk 01:30:55]} {[%emt 00:00:04]} e5 {[%clk 01:30:52]} {[%emt
00:00:10]} 2. Nf3 {[%clk 01:31:10]} {[%emt 00:00:14]} Nf6 {[%clk 01:31:17]}
{[%emt 00:00:05]} 3. Nxe5 {[%clk 01:31:16]} {[%emt 00:00:24]} d6 {[%clk
01:31:42]} {[%emt 00:00:05]} 4. Nf3 {[%clk 01:31:19]} {[%emt 00:00:27]} Nxe4
{[%clk 01:32:06]} {[%emt 00:00:06]} 5. d4 {[%clk 01:30:02]} {[%emt 00:01:46]}
d5 {[%clk 01:32:32]} {[%emt 00:00:05]} 6. Nbd2 {[%clk 01:27:05]} {[%emt
00:03:26]} Bd6 {[%clk 01:31:35]} {[%emt 00:01:27]} 7. Bd3 {[%clk 01:24:49]}
{[%emt 00:02:46]} O-O {[%clk 01:31:37]} {[%emt 00:00:28]} 8. O-O {[%clk
01:24:23]} {[%emt 00:00:56]} Bf5 {[%clk 01:32:00]} {[%emt 00:00:08]} 9. Re1
{[%clk 01:23:57]} {[%emt 00:00:55]} Re8 {[%clk 01:32:24]} {[%emt 00:00:06]} 10.
Re2 {[%clk 01:21:33]} {[%emt 00:02:54]} Nc6 {[%clk 01:26:15]} {[%emt 00:06:39]}
11. Bb5 {[%clk 01:18:12]} {[%emt 00:03:51]} a6 {[%clk 01:22:33]} {[%emt
00:04:13]} 12. Bxc6 {[%clk 01:18:17]} {[%emt 00:00:25]} bxc6 {[%clk 01:22:58]}
{[%emt 00:00:04]} 13. Nf1 {[%clk 01:01:23]} {[%emt 00:17:23]} Bg4 {[%clk
01:21:20]} {[%emt 00:02:09]} 14. Re1 {[%clk 00:52:00]} {[%emt 00:09:53]} Qf6
{[%clk 01:21:24]} {[%emt 00:00:26]} 15. Be3 {[%clk 00:49:54]} {[%emt 00:02:36]}
Rab8 {[%clk 01:21:07]} {[%emt 00:00:48]} 16. Rb1 {[%clk 00:49:08]} {[%emt
00:01:15]} Qg6 {[%clk 01:19:19]} {[%emt 00:02:19]} 17. Ng3 {[%clk 00:38:23]}
{[%emt 00:11:15]} f5 {[%clk 01:18:54]} {[%emt 00:00:55]} 18. h3 {[%clk
00:32:52]} {[%emt 00:06:00]} Bxh3 {[%clk 01:16:53]} {[%emt 00:02:32]} 19. gxh3
{[%clk 00:28:40]} {[%emt 00:04:42]} Bxg3 {[%clk 01:17:08]} {[%emt 00:00:15]}
20. Kf1 {[%clk 00:25:35]} {[%emt 00:03:35]} f4 {[%clk 01:17:11]} {[%emt
00:00:27]} 21. Ne5 {[%clk 00:24:24]} {[%emt 00:01:40]} Rxe5 {[%clk 01:17:35]}
{[%emt 00:00:06]} 22. dxe5 {[%clk 00:24:43]} {[%emt 00:00:12]} fxe3 {[%clk
01:17:58]} {[%emt 00:00:07]} 23. fxg3 {[%clk 00:23:32]} {[%emt 00:01:41]} Rf8+
{[%clk 01:17:48]} {[%emt 00:00:41]} 24. Ke2 {[%clk 00:23:16]} {[%emt 00:00:45]}
Nc3+ {[%clk 01:16:13]} {[%emt 00:02:05]} 25. bxc3 {[%clk 00:22:30]} {[%emt
00:01:17]} Rf2+ {[%clk 01:16:39]} {[%emt 00:00:04]} 26. Kxe3 {[%clk 00:22:44]}
{[%emt 00:00:15]} Qxg3+ {[%clk 01:17:06]} {[%emt 00:00:03]} 0-1

[Event "DVM U16 2023"]
[Site "Magdeburg GER"]
[Date "2023.12.28"]
[Round "4"]
[White "Studzinski, Bruno"]
[Black "Lüersen, Lukas"]
[Result "1-0"]
[Termination "normal"]
[Board "5.3"]
[WhiteElo "1576"]
[BlackElo "1677"]
[WhiteClock "00:28:36"]
[BlackClock "00:21:21"]
[WhiteTeam "Barnimer SF im SV Stahl Finow"]
[BlackTeam "SF Essen-Katernberg 04/32"]
[PlyCount "93"]
[WhiteFideId "16296478"]
[BlackFideId "34628371"]
[EventCountry "GER"]
[EventRounds "7"]
[EventType "team-swiss"]
[EventDate "2023.12.26"]

1. d4 {[%clk 01:30:58]} {[%emt 00:00:01]} Nf6 {[%clk 01:30:50]} {[%emt
00:00:09]} 2. Bf4 {[%clk 01:31:18]} {[%emt 00:00:12]} c5 {[%clk 01:30:38]}
{[%emt 00:00:41]} 3. e3 {[%clk 01:31:30]} {[%emt 00:00:18]} d5 {[%clk
01:30:09]} {[%emt 00:00:59]} 4. c3 {[%clk 01:31:37]} {[%emt 00:00:24]} Nc6
{[%clk 01:29:36]} {[%emt 00:01:02]} 5. Nf3 {[%clk 01:31:47]} {[%emt 00:00:20]}
Qb6 {[%clk 01:29:01]} {[%emt 00:01:04]} 6. Qc1 {[%clk 01:29:56]} {[%emt
00:02:22]} Bf5 {[%clk 01:26:06]} {[%emt 00:03:25]} 7. h3 {[%clk 01:28:38]}
{[%emt 00:01:49]} e6 {[%clk 01:25:27]} {[%emt 00:01:08]} 8. Nbd2 {[%clk
01:27:54]} {[%emt 00:01:14]} Rc8 {[%clk 01:24:14]} {[%emt 00:01:42]} 9. dxc5
{[%clk 01:21:06]} {[%emt 00:07:19]} Bxc5 {[%clk 01:23:10]} {[%emt 00:01:34]}
10. Nb3 {[%clk 01:21:07]} {[%emt 00:00:30]} Be7 {[%clk 01:08:47]} {[%emt
00:14:52]} 11. Be2 {[%clk 01:21:09]} {[%emt 00:00:28]} O-O {[%clk 01:08:03]}
{[%emt 00:01:12]} 12. O-O {[%clk 01:21:33]} {[%emt 00:00:08]} Rfd8 {[%clk
00:58:31]} {[%emt 00:10:00]} 13. Nbd4 {[%clk 00:54:15]} {[%emt 00:27:49]} Bg6
{[%clk 00:55:45]} {[%emt 00:03:16]} 14. Nxc6 {[%clk 00:51:53]} {[%emt
00:02:51]} Rxc6 {[%clk 00:47:00]} {[%emt 00:09:15]} 15. Ne5 {[%clk 00:51:13]}
{[%emt 00:01:11]} Rcc8 {[%clk 00:45:35]} {[%emt 00:01:55]} 16. Nxg6 {[%clk
00:48:59]} {[%emt 00:02:44]} hxg6 {[%clk 00:45:47]} {[%emt 00:00:17]} 17. Be5
{[%clk 00:47:49]} {[%emt 00:01:39]} Nd7 {[%clk 00:37:00]} {[%emt 00:09:18]} 18.
Bh2 {[%clk 00:43:24]} {[%emt 00:04:57]} Bd6 {[%clk 00:36:40]} {[%emt 00:00:48]}
19. Bxd6 {[%clk 00:43:07]} {[%emt 00:00:48]} Qxd6 {[%clk 00:36:58]} {[%emt
00:00:12]} 20. Rd1 {[%clk 00:39:56]} {[%emt 00:03:41]} Qc5 {[%clk 00:36:43]}
{[%emt 00:00:45]} 21. Qc2 {[%clk 00:35:26]} {[%emt 00:05:01]} Nf6 {[%clk
00:32:00]} {[%emt 00:05:12]} 22. Rac1 {[%clk 00:33:05]} {[%emt 00:02:50]} Rd7
{[%clk 00:28:45]} {[%emt 00:03:45]} 23. Qb1 {[%clk 00:20:10]} {[%emt 00:13:26]}
Rdc7 {[%clk 00:25:09]} {[%emt 00:04:05]} 24. Rd3 {[%clk 00:14:15]} {[%emt
00:06:27]} b5 {[%clk 00:23:25]} {[%emt 00:02:13]} 25. Rcd1 {[%clk 00:13:38]}
{[%emt 00:01:08]} b4 {[%clk 00:19:09]} {[%emt 00:04:45]} 26. cxb4 {[%clk
00:12:37]} {[%emt 00:01:33]} Qxb4 {[%clk 00:19:19]} {[%emt 00:00:19]} 27. Rb3
{[%clk 00:12:16]} {[%emt 00:00:51]} Qe7 {[%clk 00:15:29]} {[%emt 00:04:19]} 28.
Ba6 {[%clk 00:11:33]} {[%emt 00:01:13]} Rd8 {[%clk 00:14:46]} {[%emt 00:01:13]}
29. Rc1 {[%clk 00:10:58]} {[%emt 00:01:05]} Rd6 {[%clk 00:10:52]} {[%emt
00:04:23]} 30. Rxc7 {[%clk 00:08:19]} {[%emt 00:03:09]} Qxc7 {[%clk 00:11:11]}
{[%emt 00:00:11]} 31. Rc3 {[%clk 00:07:40]} {[%emt 00:01:10]} Rc6 {[%clk
00:11:16]} {[%emt 00:00:25]} 32. Rxc6 {[%clk 00:08:00]} {[%emt 00:00:10]} Qxc6
{[%clk 00:11:37]} {[%emt 00:00:09]} 33. Bd3 {[%clk 00:08:24]} {[%emt 00:00:06]}
Kf8 {[%clk 00:06:03]} {[%emt 00:06:04]} 34. b3 {[%clk 00:07:03]} {[%emt
00:01:51]} Nd7 {[%clk 00:01:35]} {[%emt 00:04:58]} 35. Qb2 {[%clk 00:05:25]}
{[%emt 00:02:04]} Qc5 {[%clk 00:01:26]} {[%emt 00:00:43]} 36. b4 {[%clk
00:05:03]} {[%emt 00:00:53]} Qc7 {[%clk 00:01:26]} {[%emt 00:00:29]} 37. a3
{[%clk 00:04:51]} {[%emt 00:00:42]} Ne5 {[%clk 00:01:34]} {[%emt 00:00:22]} 38.
Be2 {[%clk 00:05:11]} {[%emt 00:00:07]} Nd7 {[%clk 00:01:03]} {[%emt 00:01:04]}
39. b5 {[%clk 00:04:03]} {[%emt 00:01:39]} Qa5 {[%clk 00:00:48]} {[%emt
00:00:45]} 40. Qc1 {[%clk 00:02:46]} {[%emt 00:01:47]} Ke7 {[%clk 00:00:36]}
{[%emt 00:00:43]} 41. Qb2 {[%clk 00:00:43]} {[%emt 00:02:32]} Qe1+ {[%clk
00:28:07]} {[%emt 00:02:59]} 42. Bf1 {[%clk 00:30:06]} {[%emt 00:01:07]} Nf6
{[%clk 00:27:09]} {[%emt 00:01:28]} 43. Qc2 {[%clk 00:28:57]} {[%emt 00:01:37]}
Ne4 {[%clk 00:23:12]} {[%emt 00:04:29]} 44. Qc7+ {[%clk 00:28:28]} {[%emt
00:00:59]} Kf6 {[%clk 00:22:07]} {[%emt 00:01:35]} 45. Qd8+ {[%clk 00:28:28]}
{[%emt 00:00:30]} Ke5 {[%clk 00:21:03]} {[%emt 00:01:33]} 46. f4+ {[%clk
00:28:36]} {[%emt 00:00:22]} Kf5 {[%clk 00:21:21]} {[%emt 00:00:13]} 47. g4#
{[%emt 00:00:02]} 1-0

[Event "DVM U16 2023"]
[Site "Magdeburg GER"]
[Date "2023.12.28"]
[Round "4"]
[White "Klaus, Daniel"]
[Black "Beduschi, Ben"]
[Result "0-1"]
[Termination "normal"]
[Board "5.4"]
[WhiteElo "1337"]
[BlackElo "1638"]
[WhiteClock "00:01:01"]
[BlackClock "00:11:10"]
[WhiteTeam "SF Essen-Katernberg 04/32"]
[BlackTeam "Barnimer SF im SV Stahl Finow"]
[PlyCount "67"]
[WhiteFideId "16286286"]
[BlackFideId "16273443"]
[EventCountry "GER"]
[EventRounds "7"]
[EventType "team-swiss"]
[EventDate "2023.12.26"]

1. e4 {[%clk 01:30:55]} {[%emt 00:00:04]} c5 {[%clk 01:30:52]} {[%emt
00:00:08]} 2. Nc3 {[%clk 01:31:17]} {[%emt 00:00:07]} d6 {[%clk 01:31:17]}
{[%emt 00:00:05]} 3. f4 {[%clk 01:31:30]} {[%emt 00:00:17]} g6 {[%clk
01:31:41]} {[%emt 00:00:06]} 4. Nf3 {[%clk 01:31:52]} {[%emt 00:00:08]} Bg7
{[%clk 01:32:04]} {[%emt 00:00:07]} 5. Bc4 {[%clk 01:32:13]} {[%emt 00:00:09]}
Nc6 {[%clk 01:32:29]} {[%emt 00:00:05]} 6. O-O {[%clk 01:32:14]} {[%emt
00:00:28]} e6 {[%clk 01:32:55]} {[%emt 00:00:05]} 7. d3 {[%clk 01:32:00]}
{[%emt 00:00:45]} Nge7 {[%clk 01:33:18]} {[%emt 00:00:06]} 8. Qe1 {[%clk
01:30:08]} {[%emt 00:02:22]} O-O {[%clk 01:33:42]} {[%emt 00:00:07]} 9. Qh4
{[%clk 01:22:58]} {[%emt 00:07:40]} Na5 {[%clk 01:33:57]} {[%emt 00:00:16]} 10.
Bb3 {[%clk 01:17:05]} {[%emt 00:06:23]} Nxb3 {[%clk 01:33:47]} {[%emt
00:00:40]} 11. axb3 {[%clk 01:17:25]} {[%emt 00:00:10]} d5 {[%clk 01:34:05]}
{[%emt 00:00:12]} 12. Bd2 {[%clk 01:01:08]} {[%emt 00:16:46]} b6 {[%clk
01:33:40]} {[%emt 00:00:56]} 13. e5 {[%clk 00:55:57]} {[%emt 00:05:41]} a6
{[%clk 01:29:41]} {[%emt 00:04:28]} 14. Qf2 {[%clk 00:46:40]} {[%emt 00:09:46]}
Bb7 {[%clk 01:28:09]} {[%emt 00:02:03]} 15. Ne2 {[%clk 00:44:54]} {[%emt
00:02:15]} Qc7 {[%clk 01:28:03]} {[%emt 00:00:36]} 16. d4 {[%clk 00:38:51]}
{[%emt 00:06:33]} c4 {[%clk 01:15:06]} {[%emt 00:13:26]} 17. bxc4 {[%clk
00:37:04]} {[%emt 00:02:18]} Qxc4 {[%clk 01:14:19]} {[%emt 00:01:17]} 18. Rfc1
{[%clk 00:30:38]} {[%emt 00:06:56]} Qc7 {[%clk 01:05:12]} {[%emt 00:09:37]} 19.
Bb4 {[%clk 00:29:15]} {[%emt 00:01:53]} Rfc8 {[%clk 00:59:38]} {[%emt
00:06:04]} 20. c3 {[%clk 00:25:01]} {[%emt 00:04:44]} a5 {[%clk 00:56:00]}
{[%emt 00:04:08]} 21. Bd6 {[%clk 00:23:00]} {[%emt 00:02:31]} Qd7 {[%clk
00:55:52]} {[%emt 00:00:39]} 22. Nh4 {[%clk 00:20:09]} {[%emt 00:03:20]} Ba6
{[%clk 00:44:13]} {[%emt 00:12:09]} 23. g4 {[%clk 00:18:14]} {[%emt 00:02:24]}
f6 {[%clk 00:37:49]} {[%emt 00:06:55]} 24. Ng3 {[%clk 00:10:09]} {[%emt
00:08:34]} g5 {[%clk 00:21:06]} {[%emt 00:17:13]} 25. fxg5 {[%clk 00:04:54]}
{[%emt 00:05:45]} fxg5 {[%clk 00:21:03]} {[%emt 00:00:33]} 26. Nf3 {[%clk
00:05:00]} {[%emt 00:00:24]} Rf8 {[%clk 00:20:11]} {[%emt 00:01:22]} 27. Nh5
{[%clk 00:04:54]} {[%emt 00:00:35]} Rf7 {[%clk 00:17:46]} {[%emt 00:02:56]} 28.
Qe3 {[%clk 00:04:14]} {[%emt 00:01:10]} h6 {[%clk 00:17:07]} {[%emt 00:01:09]}
29. Nd2 {[%clk 00:01:12]} {[%emt 00:03:32]} Ng6 {[%clk 00:13:23]} {[%emt
00:04:13]} 30. Nf1 {[%clk 00:00:49]} {[%emt 00:00:53]} Nf4 {[%clk 00:12:27]}
{[%emt 00:01:26]} 31. Nxf4 {[%clk 00:00:41]} {[%emt 00:00:38]} Rxf4 {[%clk
00:12:45]} {[%emt 00:00:12]} 32. Ng3 {[%clk 00:01:01]} {[%emt 00:00:09]} Qf7
{[%clk 00:11:16]} {[%emt 00:02:00]} 33. Nh5 {[%clk 00:00:38]} {[%emt 00:00:53]}
Rxg4+ {[%clk 00:11:10]} {[%emt 00:00:36]} 34. Kh1 {[%clk 00:01:01]} {[%emt
00:00:07]} 0-1

[Event "DVM U16 2023"]
[Site "Magdeburg GER"]
[Date "2023.12.28"]
[Round "4"]
[White "Semling, Johannes"]
[Black "Englert, Luca"]
[Result "0-1"]
[Termination "normal"]
[Board "6.1"]
[WhiteElo "2147"]
[BlackElo "2149"]
[WhiteClock "00:00:43"]
[BlackClock "00:08:31"]
[WhiteTeam "OSG Baden-Baden"]
[BlackTeam "VfB Schach Leipzig"]
[PlyCount "66"]
[WhiteFideId "16290151"]
[BlackFideId "16293088"]
[EventCountry "GER"]
[EventRounds "7"]
[EventType "team-swiss"]
[EventDate "2023.12.26"]

1. e4 {[%clk 01:30:56]} {[%emt 00:00:03]} c5 {[%clk 01:30:55]} {[%emt
00:00:05]} 2. Nf3 {[%clk 01:31:17]} {[%emt 00:00:09]} d6 {[%clk 01:31:21]}
{[%emt 00:00:04]} 3. d4 {[%clk 01:31:30]} {[%emt 00:00:17]} cxd4 {[%clk
01:31:46]} {[%emt 00:00:05]} 4. Nxd4 {[%clk 01:31:55]} {[%emt 00:00:06]} Nf6
{[%clk 01:32:10]} {[%emt 00:00:06]} 5. Nc3 {[%clk 01:32:18]} {[%emt 00:00:06]}
a6 {[%clk 01:32:35]} {[%emt 00:00:05]} 6. Bg5 {[%clk 01:32:39]} {[%emt
00:00:08]} Nbd7 {[%clk 01:32:59]} {[%emt 00:00:07]} 7. Bc4 {[%clk 01:32:28]}
{[%emt 00:00:40]} h6 {[%clk 01:33:11]} {[%emt 00:00:20]} 8. Bh4 {[%clk
01:25:34]} {[%emt 00:07:23]} Qc7 {[%clk 01:27:29]} {[%emt 00:06:12]} 9. Qe2
{[%clk 01:20:54]} {[%emt 00:05:08]} b5 {[%clk 01:17:24]} {[%emt 00:10:38]} 10.
Bb3 {[%clk 01:16:25]} {[%emt 00:04:58]} e6 {[%clk 01:13:18]} {[%emt 00:04:37]}
11. a3 {[%clk 01:05:01]} {[%emt 00:11:54]} Nc5 {[%clk 01:02:17]} {[%emt
00:11:31]} 12. O-O-O {[%clk 01:03:14]} {[%emt 00:02:16]} Be7 {[%clk 00:57:01]}
{[%emt 00:05:46]} 13. Bg3 {[%clk 00:55:58]} {[%emt 00:07:45]} O-O {[%clk
00:51:34]} {[%emt 00:05:59]} 14. Kb1 {[%clk 00:41:22]} {[%emt 00:15:05]} Bb7
{[%clk 00:40:31]} {[%emt 00:11:33]} 15. f3 {[%clk 00:41:17]} {[%emt 00:00:35]}
Rfd8 {[%clk 00:36:37]} {[%emt 00:04:25]} 16. Ba2 {[%clk 00:35:05]} {[%emt
00:06:40]} Qb6 {[%clk 00:31:29]} {[%emt 00:05:38]} 17. Qe1 {[%clk 00:32:08]}
{[%emt 00:03:26]} d5 {[%clk 00:26:06]} {[%emt 00:05:54]} 18. exd5 {[%clk
00:26:23]} {[%emt 00:06:15]} Nxd5 {[%clk 00:25:54]} {[%emt 00:00:43]} 19. Bxd5
{[%clk 00:26:04]} {[%emt 00:00:50]} Bxd5 {[%clk 00:26:10]} {[%emt 00:00:13]}
20. Nf5 {[%clk 00:26:08]} {[%emt 00:00:26]} Bf8 {[%clk 00:24:23]} {[%emt
00:02:17]} 21. Nxd5 {[%clk 00:25:09]} {[%emt 00:01:30]} exd5 {[%clk 00:22:26]}
{[%emt 00:02:28]} 22. Bf2 {[%clk 00:18:08]} {[%emt 00:07:27]} Qg6 {[%clk
00:13:28]} {[%emt 00:09:35]} 23. g4 {[%clk 00:12:28]} {[%emt 00:06:06]} a5
{[%clk 00:12:46]} {[%emt 00:01:13]} 24. Ne7+ {[%clk 00:11:01]} {[%emt
00:01:57]} Bxe7 {[%clk 00:13:15]} {[%emt 00:00:02]} 25. Qxe7 {[%clk 00:11:30]}
{[%emt 00:00:01]} Ne6 {[%clk 00:12:52]} {[%emt 00:00:52]} 26. Rd2 {[%clk
00:08:42]} {[%emt 00:03:11]} Rac8 {[%clk 00:12:50]} {[%emt 00:00:39]} 27. Bb6
{[%clk 00:07:56]} {[%emt 00:01:16]} Re8 {[%clk 00:12:25]} {[%emt 00:00:56]} 28.
Qd6 {[%clk 00:07:32]} {[%emt 00:00:45]} b4 {[%clk 00:10:50]} {[%emt 00:02:13]}
29. axb4 {[%clk 00:06:06]} {[%emt 00:01:56]} axb4 {[%clk 00:08:17]} {[%emt
00:03:03]} 30. Qxd5 {[%clk 00:05:40]} {[%emt 00:00:55]} Nf4 {[%clk 00:07:33]}
{[%emt 00:01:15]} 31. Qf5 {[%clk 00:04:35]} {[%emt 00:01:32]} Qxb6 {[%clk
00:07:39]} {[%emt 00:00:26]} 32. Qxf4 {[%clk 00:04:59]} {[%emt 00:00:06]} Ra8
{[%clk 00:08:04]} {[%emt 00:00:05]} 33. Rd7 {[%clk 00:00:43]} {[%emt 00:04:45]}
Qe6 {[%clk 00:08:31]} {[%emt 00:00:04]} 0-1